000 00869nam a2200217Ii 4500
003 JO-AjNU
008 230605s9999||||xx |||||||||||||| ||und||
017 _a2013/6/2167
020 _a978-9957-19-048-4
040 _aJO-AjNU
_bara
_erda
_cJO-AjNU
041 _aara
050 1 4 _aP96.N37.A82 2013
100 3 _aالعبدالله، مي ...... وآخرون ؛ مراجعة وتقديم نبيل الشريف ,
_eauthor
_957773
245 0 0 _aأسئلة الإعلام والديمقراطية في زمن الربيع العربي
264 3 1 _aعمان: مؤسسة عبد الحميد شومان، 2013
300 _a176ص
336 _atext
_btxt
_2rdacontent
337 _aunmediated
_bn
_2rdamedia
338 _avolume
_bnc
_2rdacarrier
650 4 _aالإعلام - جوانب سياسية - البلاد العربية - مقالات ومحاضرات
_957774
999 _aA25909
_c29477
_d29477